| 000 | 00533nam a2200217Ia 4500 | ||
|---|---|---|---|
| 003 | OSt | ||
| 005 | 20140313095422.0 | ||
| 008 | 140130s9999 xx 000 0 und d | ||
| 020 | _a9780590439046 | ||
| 050 |
_aPZ 7 _b.B8243Al 2008 |
||
| 100 | _aBrownrigg, Sheri | ||
| 245 |
_aAll tutus should be pink / _cSheri Brownrigg. |
||
| 260 |
_bScholastic, _c2008. _aNew York : |
||
| 300 |
_a40 p. : _bcol. ill. ; _c23 cm. |
||
| 440 | _v1 | ||
| 521 | _aG2 | ||
| 526 | _c440 | ||
| 942 |
_cBK _2lcc |
||
| 999 |
_c40336 _d40336 |
||